000 00713nam a2200289Ia 4500
005 20260324133411.0
008 008 260324s9999 xx 000 0 eng d
020 _a9781315046167
037 _aEBOOK
040 _aCRL
040 _beng
040 _cCRL
041 _2eng
041 _aeng
084 _qCRL
100 _aRichard A. Lesh
_91192956
245 0 _aModels and Modeling Perspectives
245 2 _bA Special Double Issue of mathematical Thinking and Learning
260 _bTaylor and Francis
260 _c2003
365 _a
365 _b300
856 _uhttp://www.taylorfrancis.com/books/9781315046167
942 _cEBOOK
999 _c1791944
_d1791944